| 000 | 00582nam a2200205 a 4500 | ||
|---|---|---|---|
| 001 | 555 | ||
| 003 | CDMR | ||
| 005 | 20131021105420.0 | ||
| 008 | 130130s1963||||||||||||||||||||||||||||d | ||
| 040 |
_aCDMR _bcat _cCDMR |
||
| 100 | 1 |
_aSutton, Albert _9409 |
|
| 245 | 1 | 0 |
_aConcepción y confección de un periódico _cAlbert A. Sutton |
| 260 |
_aMadrid _c1963 _bRialp |
||
| 300 |
_a403 p ; _c24 cm |
||
| 490 | 0 | _aLibros de Periodismo RIALP | |
| 490 | 0 |
_aManuales y libros técnicos _v1 |
|
| 650 | 0 | 4 |
_92796 _aImpremta |
| 650 | 0 | 4 |
_93098 _aDiaris _xCompaginació i composició |
| 942 |
_cMON _2udc |
||
| 999 |
_c555 _d555 |
||